| Tag |
First Indicator |
Second Indicator |
Subfields |
| LEADER |
00000cam a2200000 a 4500 |
| 001 |
in00000030146 |
| 005 |
20151007060214.0 |
| 008 |
871027s1988 mnu b s00110 eng |
| 010 |
|
|
|a 87031668
|
| 020 |
|
|
|a 0816616744 :
|c $29.50
|
| 020 |
|
|
|a 0816616752 (pbk.) :
|c $12.95
|
| 035 |
|
|
|a (OCoLC)17105879
|
| 035 |
|
|
|9 AAC0295AM
|
| 040 |
|
|
|a DLC
|c DLC
|d TXA
|d UtOrBLW
|
| 041 |
1 |
|
|a eng
|h fre
|
| 049 |
|
|
|a TXAM
|c [A11682278]
|
| 050 |
0 |
0 |
|a B2430.F724
|b D4513 1988
|
| 082 |
0 |
|
|a 194
|2 19
|
| 100 |
1 |
|
|a Deleuze, Gilles,
|d 1925-1995.
|
| 240 |
1 |
0 |
|a Foucault.
|l English
|
| 245 |
1 |
0 |
|a Foucault /
|c Gilles Deleuze ; translated and edited by Seán Hand ; foreword by Paul Bové.
|
| 264 |
|
1 |
|a Minneapolis :
|b University of Minnesota Press,
|c [1988]
|
| 264 |
|
4 |
|c ©1988
|
| 300 |
|
|
|a xlviii, 157 pages ;
|c 24 cm.
|
| 336 |
|
|
|a text
|b txt
|2 rdacontent
|
| 337 |
|
|
|a unmediated
|b n
|2 rdamedia
|
| 338 |
|
|
|a volume
|b nc
|2 rdacarrier
|
| 500 |
|
|
|a Translation of: Foucault.
|
| 504 |
|
|
|a Bibliography: pages [133]-153.
|
| 500 |
|
|
|a Includes index.
|
| 600 |
1 |
0 |
|a Foucault, Michel,
|d 1926-1984.
|
| 700 |
1 |
|
|a Hand, Seán.
|
| 999 |
|
|
|a MARS
|
| 999 |
f |
f |
|s 74922494-30cf-380b-a37e-dd6e65c790dd
|i 9196f696-41db-3402-9adf-13502bd05b9e
|t 0
|
| 952 |
f |
f |
|p normal
|a Texas A&M University
|b College Station
|c Sterling C. Evans Library
|d Evans: Library Stacks
|t 0
|e B2430.F724 D4513 1988
|h Library of Congress classification
|i unmediated -- volume
|m A14811682278
|
| 998 |
f |
f |
|a B2430.F724 D4513 1988
|t 0
|l Evans: Library Stacks
|